000 00716nam a2200241 u 4500
005 20231101063751.0
008 171110s2007 mx r 000 0 spa d
020 _a9706832580 (10 dígitos)
020 _a9789706832580 (13 dígitos)
035 _aUPN01000221591
049 _aC
050 4 _aGV1805 M6
_bC5.7
245 0 0 _aCirco II :
_bleyenda y color
260 _aMéxico :
_bArtes de México,
_c2007.
300 _a79, [9] p. :
_bil. col.
440 0 _aArtes de México ;
_v84
650 4 _aCIRCO -
_zMEXICO -
_xHISTORIA
_926778
650 4 _aTeatro
_zMéxico
_xHistoria
_926286
650 4 _aARTES ESCENICAS
_92296
650 4 _aCULTURA POPULAR -
_zMEXICO
_912304
905 _aLibro
999 _c193688
_d193688